Learned lady; letters from Robert Browning to Mrs. Thomas FitzGerald, 1876-1889.

"Consists of sixty-six letters in The Carl H. Pforzheimer Library, for the most part heretofore unpublished, supplemented by eight letters or portions of letters previously unpublished".

Guardat en:
Dades bibliogràfiques
Autor principal: Browning, Robert, 1812-1889
Autor corporatiu: Carl H. Pforzheimer Library (New York, N.Y.)
Altres autors: McAleer, Edward C (ed.), FitzGerald, Sarah Anne Elizabeth Purefoy Jervoise, 1809-1899
Format: Llibre
Idioma:English
Publicat: Cambridge, Harvard University Press, 1966.
Matèries:
LEADER 01829nam a22003611a 4500
001 c000323881
003 CARM
005 20001008201403.0
008 711012s1966 mauac b 000 0aeng
010 |a 66011358 
019 1 |a 9500976  |z 40821772  |z 12410895  |z 8087037  |z 653012  |5 LACONCORD2021 
035 |a (OCoLC)711791  |5 LACONCORD2021 
040 |a LC  |b eng  |c LC  |d ANL 
050 4 |a PR4231  |b .A34 1966 
050 0 0 |a PR4231  |b .A34 1966 
082 0 0 |a 826.8 
082 0 4 |a 826.8 
100 1 |a Browning, Robert,  |d 1812-1889. 
245 1 0 |a Learned lady; letters from Robert Browning to Mrs. Thomas FitzGerald, 1876-1889.  |c Edited by Edward C. McAleer. 
260 |a Cambridge,  |b Harvard University Press,  |c 1966. 
300 |a xii, 232 p.  |b illus., port.  |c 22 cm. 
500 |a "Consists of sixty-six letters in The Carl H. Pforzheimer Library, for the most part heretofore unpublished, supplemented by eight letters or portions of letters previously published." 
504 |a Bibliographical footnotes. 
520 |a "Consists of sixty-six letters in The Carl H. Pforzheimer Library, for the most part heretofore unpublished, supplemented by eight letters or portions of letters previously unpublished". 
600 1 0 |a Browning, Robert,  |d 1812-1889  |x Correspondence. 
600 1 0 |a Fitzgerald, Sarah Anne Elizabeth Purefoy (Jervoise),  |d 1809-1899  |x Correspondence. 
650 0 |a Poets, English  |y 19th century  |x Correspondence. 
700 1 |a McAleer, Edward C,  |e ed. 
700 1 |a FitzGerald, Sarah Anne Elizabeth Purefoy Jervoise,  |d 1809-1899. 
710 2 |a Carl H. Pforzheimer Library (New York, N.Y.) 
852 8 |b CARM  |h A1:AN22C0  |i B08945  |p 0420630  |f BK 
999 f f |i 61876ebe-53ee-5560-9da3-f63dcb7e83a2  |s 38ffe336-f41c-5028-8e50-0eb8534efe7f 
952 f f |p Can circulate  |a CAVAL  |b CAVAL  |c CAVAL  |d CARM 1 Store  |e B08945  |f A1:AN22C0  |h Other scheme  |i book  |m 0420630